El bonete maulino y otros cuentos
में बचाया:
| मुख्य लेखक: | |
|---|---|
| स्वरूप: | पुस्तक |
| भाषा: | स्पेनिश |
| प्रकाशित: |
Santiago
Universitaria
1968
|
| संस्करण: | 1a. ed |
| श्रृंखला: | Letras de América
|
| विषय: | |
| टैग: |
टैग जोड़ें
कोई टैग नहीं, इस रिकॉर्ड को टैग करने वाले पहले व्यक्ति बनें!
|
MARC
| LEADER | 00000cam a2200000 a 4500 | ||
|---|---|---|---|
| 001 | UCE2154 | ||
| 003 | CL-VaPUC | ||
| 008 | 140612e19680000cl |||||||||||||||||spa|d | ||
| 082 | 0 | 4 | |a Ch863 |b ROJ |2 21 |
| 100 | 0 | |a Rojas, Manuel |e author |9 313776 | |
| 245 | 1 | 3 | |a El bonete maulino y otros cuentos |
| 250 | |a 1a. ed | ||
| 300 | |a 151 p | ||
| 942 | |c BK | ||
| 945 | |d 20140612 14:08:00 |a dcastane | ||
| 260 | |a Santiago |b Universitaria |c 1968 | ||
| 650 | 0 | |a Novelas chilenas |9 265425 | |
| 650 | 0 | |a Literatura chilena |9 308278 | |
| 583 | |a last modification |c 20140612 14:08:00 |k Rodrigo Vera | ||
| 490 | 0 | |a Letras de América | |
| 999 | |c 355817 |d 355815 | ||
| 952 | |0 0 |1 0 |3 erb |4 0 |6 CH_863_000000000000000_ROJ_1968 |7 0 |8 A |9 462679 |a BIBEDU |b BIBEDU |i 5047803 |o Ch863 ROJ 1968 |p 5047803 |r 2019-11-23 |w 2019-11-23 |y BK |z Catalogado en:20140612 |k LIT | ||